000 00523nam a22002057a 4500
003 LK-CoMWRAF
005 20231029200156.0
008 231029b |||||||| |||| 00| 0 eng d
020 _a0525937099
040 _aLK-CoMWRAF
_dLK-CoMWRAF
_eLK-CoMWRAF
041 _aeng
082 _a823
_bMAS
100 _aMason, David,
245 _aShadow over babylon
260 _aNew York :
_bDutton,
_c1993
300 _ax, 485 p. : map ; 24 cm.
650 _aEnglish Fiction
650 _aEnglish Fiction--Iraq
942 _cBK
999 _c4038
_d4038